Дело о высочайшем повелении об увольнении не по прошениям неспособных к службе чиновников

Доступно только в Электронных читальных залах Найти на картеНа карте
RUSMARC
00004252nmc2a22000003x 450
00103ca997f-4d6a-42dd-ac30-75f81eee275c
00520190109211909.0
100##$a20170705l18491851k l0rusy0189 ca
1010#$arus
102##$aRU
2001#$aДело о высочайшем повелении об увольнении не по прошениям неспособных к службе чиновников
$j27 февраля 1849 г. - 7 мая 1851 г.
251##$cДело
300##$aПо Канцелярии директора за 1849 год
300##$aОриг. заголовок дела: Дело о высочайшем повелении относительно увольнения чиновников гражданской службы, всех без изъятия ведомств, не по прошениям, а по распоряжениям начальства, за неспособностью. 27 февраля 1849 г. - 7 мая 1851 г
801#0$aRU
$bРГИА
$c20170705
$gRCR
801#1$aRU
$bГлавНИВЦ
$c20170705
$2rusmarc
801#2$aRU
$bПБ им. Б.Н. Ельцина
$c20190109
$gRCR
$2rusmarc
850##$aРГИА
852##$aРГИА
$eФедеральное казенное учреждение "Российский государственный исторический архив" (РГИА)
$j12461
937##$hРГИА
$d12247573
$aASBIBLIO_SCAN
462#0$1001dd3991dc-24e1-42ec-8838-ca4255420416
$12001
$a1746-1850 гг.
$1251
$cОпись
$1852
$j1
461#0$10019264ebf8-de62-4f1a-9eb4-9f22098dbbd5
$12001
$aДирекция императорских театров МИДв
$1251
$cФонд
$1852
$j497
215##$a10 л.
$d36,5х26 см
371##$aДокумент не является опубликованным и широко распространяемым
105##$ay###
1222#$ad
5171#$aДело о высочайшем повелении относительно увольнения чиновников гражданской службы, всех без изъятия ведомств, не по прошениям, а по распоряжениям начальства, за неспособностью. 27 февраля 1849 г. - 7 мая 1851 г
035##$a03ca997f-4d6a-42dd-ac30-75f81eee275c
856##$uhttp://readingroom.main.prlib.ru/item.aspx?id_node=n122803336&mode=full
Формат отображения